Release the hounds : (Record no. 15902)

000 -LEADER
fixed length control field 01043nam a2200265 a 4500
001 - CONTROL NUMBER
control field ASIN1741143225
005 - DATE AND TIME OF LATEST TRANSACTION
control field 20170105102928.0
008 - FIXED-LENGTH DATA ELEMENTS--GENERAL INFORMATION
fixed length control field 131213s2006 xxu eng d
020 ## - INTERNATIONAL STANDARD BOOK NUMBER
International Standard Book Number 1741143225 (paperback)
Terms of availability $19.95
020 ## - INTERNATIONAL STANDARD BOOK NUMBER
International Standard Book Number 9781741143225 (paperback)
040 ## - CATALOGING SOURCE
Original cataloging agency 0
050 04 - LIBRARY OF CONGRESS CALL NUMBER
Classification number PN4784.R38
082 04 - DEWEY DECIMAL CLASSIFICATION NUMBER
Classification number 025.524
Author Mark FOG 2006
100 1# - MAIN ENTRY--PERSONAL NAME
Personal name Fogg, Christine.
245 10 - TITLE STATEMENT
Title Release the hounds :
Remainder of title a guide to research for journalists and writers /
Statement of responsibility, etc. Christine Fogg, Bruce Grundy.
260 ## - PUBLICATION, DISTRIBUTION, ETC.
Place of publication, distribution, etc. [S.l.] :
Name of publisher, distributor, etc. Allen & Unwin,
Date of publication, distribution, etc. 2006.
300 ## - PHYSICAL DESCRIPTION
Extent 264 p. ;
Dimensions 20 cm.
520 ## - SUMMARY, ETC.
Summary, etc. From finding and identifying Internet resources to investigating the people responsible for them, this guide takes journalists and writers through the challenging process of online research.
650 #0 - SUBJECT ADDED ENTRY--TOPICAL TERM
Topical term or geographic name entry element Information retrieval
650 #0 - SUBJECT ADDED ENTRY--TOPICAL TERM
Topical term or geographic name entry element Mass media--Information services
650 #0 - SUBJECT ADDED ENTRY--TOPICAL TERM
Topical term or geographic name entry element Mass media--Research
700 1# - ADDED ENTRY--PERSONAL NAME
Personal name Grundy, Bruce.
856 40 - ELECTRONIC LOCATION AND ACCESS
Materials specified Amazon.com
Uniform Resource Identifier <a href="http://www.amazon.com/exec/obidos/ASIN/1741143225/chopaconline-20">http://www.amazon.com/exec/obidos/ASIN/1741143225/chopaconline-20</a>
942 ## - ADDED ENTRY ELEMENTS (KOHA)
Source of classification or shelving scheme
Koha item type Book
Holdings
Withdrawn status Lost status Damaged status Not for loan Collection code Permanent Location Current Location Shelving location Date acquired Total Checkouts Full call number Barcode Date last seen Date last checked out Price effective from Koha item type
          Centre for International Peace & Stability (CIPS) Centre for International Peace & Stability (CIPS) General Stacks 09/30/2013 1 025.524 FOG 2006 CIPS0001461 04/27/2018 04/13/2018 12/13/2013 Book
© 2023 Central Library, National University of Sciences and Technology. All Rights Reserved.